00631 2200277 4500001002100000008004100021035002000062245004700082100002100129250000600150260003000156300001200186084001400198082000800212650001300220990001200233990001200245990001200257990001200269990001200281990001200293990001200305990001200317990001200329990001200341INLIS000000000000682 ind  a0010-0424000658 aPenelitian Tindakan KelascSaur Tampubolon aTampubolon, Saur a1 aJakarta :bErlanggac2014 a267 hlm a607 SAU p a607 aNonfiksi a0721782 a0721783 a0721784 a0721785 a0721786 a0721787 a0721788 a0721789 a0721790 a0721791